Manu Samoa Rugby - Top Points Scorers - Statistics

General Stats
  • This quiz has been taken 24 times
  • The average score is 2 of 7
Answer Stats
Points Years Active Player % Correct
140 1991-2007 Brian Lima
91%
172 1996-2003 Earl Va'a
52%
106 2007-2010 Gavin Williams
39%
245 2011-2019 Tusi Pisi
39%
137 1993-1995 Darren Kellett
17%
119 2004-2008 Roger Warren
4%
145 1997-2002 Silao Leaegailesolo
4%
No matching quizzes found
Score Distribution
Percent of People with Each Score
Percentile by Number Answered
Your Score History
You have not taken this quiz